000 00473nam a2200169Ia 4500
003 GCL
008 140319s9999 xx 000 0 eng d
040 _aGCL /
_cGCL
082 0 4 _a743.7
_bS I
100 1 _aSTEVENS, MARGARET
245 1 0 _aAN INTRODUCTION TO DRAWING FLOWERS: FROM TECHNIQUE COLOUR LIGHT COMPOSITION /
_cSTEVENS, MARGARET
260 _a[S.N] :
_bTHE APPLE PRESS ،
_c1994
300 _a128 P
650 0 4 _aDRAWING
650 0 4 _aFLOWERS
942 _2ddc
_cBK
999 _c24955
_d24955